000 02042nam0a2200397 4500
001 RU\NLR\BIBL_A\010691746
005 20260408183921.0
010 _a978-5-7567-0780-9
_9800
021 _aRU
_b15-1777
035 _a(NLR Aleph) 010691746
035 _a(NILC)RuMoRGB-007852779
090 _a9688812
_c9688812
100 _a20150310d2015 u y0rusy50 ca
101 0 _arus
102 _aRU
105 _aa|||j|||000yy
200 1 _aПолитические риски международного бизнеса в условиях глобализации
_eучебное пособие для студентов высших учебных заведений, обучающихся по направлению подготовки ВПО 030200 "Политология"
_fА. Н. Бордовских
210 _aМосква
_cАспект Пресс
_d2015
215 _a316, [1] с.
_cил.
_d22
300 _aЗагл. корешка: Политические риски в условиях международного бизнеса
300 _aНа 4-й с. обл. авт.: Бордовских Анастасия Николаевна - к.полит.н.
320 _aБиблиогр. в конце разд.
516 1 _aПолитические риски в условиях международного бизнеса
606 1 _aГлобализация
_jУчебные издания для высших учебных заведений
_92215806
_3RU\NLR\AUTH\661330820
606 _aРиск (полит.)
_jУчебные издания для высших учебных заведений
_3RU\NLR\AUTH\661076035
_91743176
610 0 _aполитический риск
686 1 _aФ4я73
686 1 _aФ01я73
686 1 _aУ58я73
700 1 _aБордовских
_bА. Н.
_gАнастасия Николаевна
801 0 _aRU
_bРГБ
_c20150123
_gRCR
942 _cBOOK
980 _aNBR
980 _aNB